[Event "Tamil Nadu IM 4th"]
[Site "Chennai"]
[Date "2023.11.11"]
[Round "9"]
[White "Nandhidhaa, PV."]
[Black "Sekar, B."]
[Result "1/2-1/2"]
[WhiteElo "2272"]
[BlackElo "2320"]
[PlyCount "39"]
[EventDate "2023.11.06"]
[EventType "tourn"]
[EventRounds "9"]
[EventCountry "IND"]
[EventCategory "2"]
[SourceTitle "CB46_2023"]
[SourceDate "2023.11.15"]
[SourceVersion "1"]
[SourceVersionDate "2023.11.15"]
[SourceQuality "1"]

1. e4 c5 2. Nf3 d6 3. d4 cxd4 4. Nxd4 Nf6 5. Nc3 a6 6. Bg5 Nbd7 7. Qe2 h6 8. Bh4 g6 9. f4 e5 10. fxe5 dxe5 11. 0-0-0 Qc7 12. Nb3 b5 13. Rxd7 Nxd7 14. Nd5 Qb8 15. Bf6 Nxf6 16. Nxf6+ Ke7 17. Nd5+ Ke8 18. Nf6+ Ke7 19. Nd5+ Ke8 20. Nf6+ 1/2-1/2

[Event "Tamil Nadu IM 4th"]
[Site "Chennai"]
[Date "2023.11.07"]
[Round "3"]
[White "Sekar, B."]
[Black "Abdyjapar, Asyl"]
[Result "1/2-1/2"]
[WhiteElo "2320"]
[BlackElo "2326"]
[PlyCount "104"]
[EventDate "2023.11.06"]
[EventType "tourn"]
[EventRounds "9"]
[EventCountry "IND"]
[EventCategory "2"]
[SourceTitle "CB46_2023"]
[SourceDate "2023.11.15"]
[SourceVersion "1"]
[SourceVersionDate "2023.11.15"]
[SourceQuality "1"]

1. e4 e5 2. Nf3 Nc6 3. Bc4 Bc5 4. c3 Nf6 5. d3 d6 6. 0-0 0-0 7. h3 h6 8. Re1 a5 9. Nbd2 Be6 10. Bb5 Qb8 11. Nf1 Qa7 12. Re2 a4 13. Ng3 Qa5 14. Bxc6 bxc6 15. Nh4 Rfe8 16. Re1 d5 17. Qf3 Nd7 18. Nhf5 Bf8 19. Nh5 Kh7 20. Nfxg7 Bxg7 21. Nxg7 Kxg7 22. Qg3+ Kf8 23. f4 dxe4 24. fxe5 Nc5 25. Qh4 Red8 26. Bxh6+ Ke8 27. d4 Nd3 28. Re2 a3 29. b4 Qd5 30. Bg5 Rdb8 31. Rxe4 Kd7 32. c4 Qxc4 33. d5 Qxd5 34. Rd4 Rxb4 35. Rxd5+ cxd5 36. Qg3 Nc5 37. Bf6 Ne4 38. Qg7 Rab8 39. h4 Nd2 40. Bg5 Rg4 41. Qf6 Nc4 42. Rf1 Kc6 43. Rf4 Rb1+ 44. Rf1 Rb2 45. Rf2 d4 46. h5 Ne3 47. h6 Rxg2+ 48. Rxg2 Rxg2+ 49. Kh1 Rh2+ 50. Kg1 Rg2+ 51. Kh1 Rh2+ 52. Kg1 Rg2+ 1/2-1/2

[Event "Tamil Nadu IM 3rd"]
[Site "Chennai"]
[Date "2023.11.04"]
[Round "9"]
[White "Sekar, B."]
[Black "Allahverdiyeva, Ayan"]
[Result "1-0"]
[WhiteElo "2320"]
[BlackElo "2152"]
[PlyCount "89"]
[EventDate "2023.10.30"]
[EventType "tourn"]
[EventRounds "9"]
[EventCountry "IND"]
[SourceTitle "Mega2024 Update 01"]
[Source "Chessbase"]
[SourceDate "2023.11.12"]
[SourceVersion "1"]
[SourceVersionDate "2023.11.12"]
[SourceQuality "1"]

1. e4 c5 2. Nf3 d6 3. Bb5+ Bd7 4. c4 e5 5. Bxd7+ Qxd7 6. Nc3 Be7 7. d3 Bd8 8. 0-0 Ne7 9. a3 Nbc6 10. Nh4 Nd4 11. f4 Ng6 12. Nxg6 hxg6 13. Be3 exf4 14. Bxf4 Ne6 15. Nd5 Nxf4 16. Rxf4 Bg5 17. Rf2 0-0-0 18. Qf3 Rdf8 19. b4 Qe6 20. Rb1 Qe5 21. h3 f5 22. bxc5 dxc5 23. Rfb2 Rf7 24. exf5 Qxf5 25. Qxf5+ gxf5 26. Rb5 b6 27. a4 Bd2 28. R5b2 Ba5 29. Re2 f4 30. Rf1 Rhf8 31. Rf3 Kd7 32. Re4 g5 33. Re5 Rg7 34. Rf2 Rff7 35. Kf1 Kd6 36. Re8 Kd7 37. Re4 Rh7 38. Ke2 a6 39. Kf3 Kd6 40. Rfe2 Rh6 41. Re8 b5 42. axb5 axb5 43. Ra8 bxc4 44. dxc4 Rhh7 45. Ra6+ 1-0

[Event "Tamil Nadu IM 2nd"]
[Site "Chennai"]
[Date "2023.10.27"]
[Round "8"]
[White "Ziatdinov, Raset"]
[Black "Sekar, B."]
[Result "0-1"]
[WhiteElo "2081"]
[BlackElo "2333"]
[PlyCount "88"]
[EventDate "2023.10.23"]
[EventType "tourn"]
[EventRounds "9"]
[EventCountry "IND"]
[SourceTitle "Mega2024 Update 01"]
[Source "Chessbase"]
[SourceDate "2023.11.12"]
[SourceVersion "1"]
[SourceVersionDate "2023.11.12"]
[SourceQuality "1"]

1. e4 e5 2. Nf3 Nc6 3. d4 exd4 4. Bc4 Nf6 5. 0-0 Nxe4 6. Re1 d5 7. Bxd5 Qxd5 8. Nc3 Qd7 9. Rxe4+ Be7 10. Nxd4 f5 11. Rf4 0-0 12. Nxc6 Qxc6 13. Nd5 Bd6 14. Rd4 Be6 15. Bf4 Bxd5 16. Bxd6 Bxg2 17. Bg3 Be4 18. Qe2 Rae8 19. Qc4+ Qxc4 20. Rxc4 f4 21. Bh4 c6 22. Rc3 Bd5 23. f3 Re3 24. Rxe3 fxe3 25. Re1 Rxf3 26. b3 b5 27. Rf1 a6 28. Rxf3 Bxf3 29. c4 h6 30. cxb5 cxb5 31. a4 Kf7 32. axb5 axb5 33. Bd8 Ke6 34. Bb6 e2 35. Kf2 Kf5 36. Bd4 g5 37. Bc3 Ke4 38. Bd2 Kd3 39. Ke1 h5 40. Bxg5 Kc3 41. Bd2+ Kxb3 42. Kf2 Bg4 43. Be1 b4 44. Ke3 Ka3 0-1

[Event "Tamil Nadu IM 2nd"]
[Site "Chennai"]
[Date "2023.10.26"]
[Round "7"]
[White "Sekar, B."]
[Black "Senthil, Maran K"]
[Result "1/2-1/2"]
[WhiteElo "2333"]
[BlackElo "2298"]
[PlyCount "135"]
[EventDate "2023.10.23"]
[EventType "tourn"]
[EventRounds "9"]
[EventCountry "IND"]
[SourceTitle "Mega2024 Update 01"]
[Source "Chessbase"]
[SourceDate "2023.11.12"]
[SourceVersion "1"]
[SourceVersionDate "2023.11.12"]
[SourceQuality "1"]

1. e4 c6 2. d4 d5 3. e5 Bf5 4. Nf3 e6 5. Be2 c5 6. c3 Nd7 7. 0-0 Ne7 8. dxc5 Nxc5 9. Nd4 Bg6 10. h4 h6 11. h5 Bh7 12. Be3 Nc6 13. c4 dxc4 14. Nxc6 bxc6 15. Na3 Be7 16. Nxc4 0-0 17. Rc1 Nd3 18. Bxd3 Bxd3 19. Qg4 Bf5 20. Qg3 Bh4 21. Qh2 Bg5 22. Rfd1 Qb8 23. Bxg5 hxg5 24. h6 Rd8 25. hxg7 Kxg7 26. Qh5 Rd5 27. Qxg5+ Bg6 28. Qf6+ Kg8 29. b3 Qd8 30. Qxd8+ Raxd8 31. Ne3 Rd2 32. Rxd2 Rxd2 33. a3 Ra2 34. a4 Be4 35. Rc4 Bd5 36. Nxd5 cxd5 37. Rc7 a5 38. Rc5 Rb2 39. Rxa5 Rxb3 40. Rb5 Ra3 41. Rb4 Kg7 42. Kf1 Ra2 43. Rf4 Kg6 44. g3 Kg7 45. Ke1 Kg6 46. f3 Kg7 47. Rg4+ Kf8 48. Kd1 Ke7 49. Rf4 Kf8 50. Kc1 Re2 51. Rb4 Rxe5 52. a5 d4 53. Ra4 Rc5+ 54. Kd2 e5 55. a6 Rc8 56. Rb4 Ra8 57. Rb6 Kg7 58. Kd3 f6 59. Ke4 Kg6 60. f4 Kg7 61. g4 Kf7 62. g5 exf4 63. Rxf6+ Kg7 64. Kxd4 f3 65. Kc5 f2 66. Kb6 Rf8 67. a7 Rxf6+ 68. gxf6+ 1/2-1/2

[Event "Tamil Nadu IM 2nd"]
[Site "Chennai"]
[Date "2023.10.24"]
[Round "3"]
[White "Harshad, S."]
[Black "Sekar, B."]
[Result "1/2-1/2"]
[WhiteElo "2177"]
[BlackElo "2333"]
[PlyCount "158"]
[EventDate "2023.10.23"]
[EventType "tourn"]
[EventRounds "9"]
[EventCountry "IND"]
[SourceTitle "Mega2024 Update 01"]
[Source "Chessbase"]
[SourceDate "2023.11.12"]
[SourceVersion "1"]
[SourceVersionDate "2023.11.12"]
[SourceQuality "1"]

1. e4 c5 2. Nf3 d6 3. d4 cxd4 4. Nxd4 Nf6 5. Nc3 a6 6. g3 e5 7. Nb3 Be7 8. Bg5 Nbd7 9. a4 b6 10. Bc4 Bb7 11. f3 0-0 12. Be3 Qc7 13. Qe2 Rfc8 14. Nd2 b5 15. axb5 axb5 16. Rxa8 Rxa8 17. Nxb5 Qb8 18. Nb3 d5 19. exd5 Nxd5 20. 0-0 Nxe3 21. Qxe3 Ba6 22. Qe2 Bb7 23. Nc3 Nf6 24. Kg2 h5 25. Re1 h4 26. Ne4 Qc7 27. Nxf6+ Bxf6 28. Nd2 Rd8 29. Ne4 Be7 30. b3 Kf8 31. Nf2 Bd6 32. Rd1 Re8 33. Qd3 Bc5 34. Qd7 Qxd7 35. Rxd7 Re7 36. Rd8+ Re8 37. Rxe8+ Kxe8 38. gxh4 f5 39. Be6 g6 40. Nh3 e4 41. Ng5 e3 42. Kf1 Ke7 43. Ke2 Bd6 44. Kxe3 Bxh2 45. Kf2 Kf6 46. Bc4 f4 47. Kg2 Bg3 48. Nh3 Ke5 49. Bd3 Kd4 50. Bxg6 Ke3 51. Ng5 Bxh4 52. Be4 Ba6 53. Ne6 Be2 54. c4 Bd1 55. b4 Bb3 56. Bd5 Be7 57. b5 Kd3 58. Nxf4+ Kd4 59. Ne6+ Kc3 60. Bc6 Bxc4 61. Nc7 Bd8 62. b6 Kb4 63. Na8 Be7 64. b7 Bd6 65. Nb6 Be6 66. Nc8 Bc7 67. Be4 Kc5 68. Kf2 Bd5 69. Ne7 Bxe4 70. fxe4 Kb6 71. Ke3 Kxb7 72. Kd4 Bd6 73. Nf5 Kc6 74. Kc4 Be5 75. Ne3 Kd6 76. Ng4 Bg7 77. Kd3 Ke6 78. Ke3 Be5 79. Nxe5 Kxe5 1/2-1/2

[Event "Tamil Nadu IM 2nd"]
[Site "Chennai"]
[Date "2023.10.23"]
[Round "1"]
[White "Gochelashvili, David"]
[Black "Sekar, B."]
[Result "1-0"]
[WhiteElo "2277"]
[BlackElo "2333"]
[PlyCount "59"]
[EventDate "2023.10.23"]
[EventType "tourn"]
[EventRounds "9"]
[EventCountry "IND"]
[SourceTitle "Mega2024 Update 01"]
[Source "Chessbase"]
[SourceDate "2023.11.12"]
[SourceVersion "1"]
[SourceVersionDate "2023.11.12"]
[SourceQuality "1"]

1. e4 e5 2. Nf3 Nc6 3. Bc4 Nf6 4. d3 Bc5 5. c3 d6 6. 0-0 a5 7. Re1 Ba7 8. h3 h6 9. Nbd2 g5 10. Nf1 g4 11. hxg4 Nxg4 12. Be3 Rg8 13. Bxa7 Rxa7 14. Ne3 h5 15. d4 h4 16. Bb5 Nxe3 17. Rxe3 Bh3 18. Ne1 Bd7 19. Bxc6 Bxc6 20. dxe5 dxe5 21. Qxd8+ Kxd8 22. Nf3 f6 23. Nxh4 Rg4 24. Rd1+ Ke8 25. Rh3 Rxe4 26. Nf5 Kf7 27. f3 Re2 28. g4 Kg6 29. Rh5 Bxf3 30. Nh4+ 1-0

[Event "Titled Tuesday intern op 7th Mar Early"]
[Site "Chess.com INT"]
[Date "2023.03.07"]
[Round "1"]
[White "Sekar, B."]
[Black "De Souza, Cristiano Gomes"]
[Result "1-0"]
[WhiteElo "2333"]
[BlackElo "2018"]
[PlyCount "99"]
[EventDate "2023.03.07"]
[EventType "swiss (blitz)"]
[EventRounds "11"]
[EventCountry "USA"]
[SourceTitle "EXT 2024"]
[Source "ChessBase"]
[SourceDate "2023.10.10"]
[SourceVersion "1"]
[SourceVersionDate "2023.10.10"]
[SourceQuality "1"]

1. Nf3 Nf6 2. c4 g6 3. b3 Bg7 4. Bb2 0-0 5. e3 d6 6. Nc3 e5 7. Be2 Nc6 8. 0-0 h6 9. d4 exd4 10. Nxd4 Nxd4 11. Qxd4 Ng4 12. Qd2 Ne5 13. Nd5 Be6 14. f4 Nc6 15. Bxg7 Kxg7 16. Qb2+ f6 17. Rad1 Ne7 18. e4 c6 19. Ne3 Qc7 20. Rd2 Rad8 21. Rfd1 Kh7 22. h3 f5 23. exf5 Nxf5 24. Nxf5 Bxf5 25. Bf3 d5 26. cxd5 cxd5 27. Qd4 Be6 28. Qe5 Qxe5 29. fxe5 Rf5 30. Bxd5 Rxe5 31. Bxe6 Rxd2 32. Rxd2 Rxe6 33. Rd7+ Kg8 34. Rxb7 Re1+ 35. Kf2 Rb1 36. Rxa7 Rb2+ 37. Kf3 h5 38. h4 Kf8 39. g4 hxg4+ 40. Kxg4 Rg2+ 41. Kf4 Rh2 42. Kg5 Rg2+ 43. Kf6 Ke8 44. b4 Rg4 45. b5 Rxh4 46. b6 Rb4 47. b7 Rb6+ 48. Ke5 g5 49. Ra8+ Kd7 50. b8Q 1-0

[Event "Titled Tuesday intern op 7th Mar Early"]
[Site "Chess.com INT"]
[Date "2023.03.07"]
[Round "8"]
[White "Sekar, B."]
[Black "Zhigalko, Sergei"]
[Result "0-1"]
[WhiteElo "2333"]
[BlackElo "2572"]
[PlyCount "96"]
[EventDate "2023.03.07"]
[EventType "swiss (blitz)"]
[EventRounds "11"]
[EventCountry "USA"]
[SourceTitle "EXT 2024"]
[Source "ChessBase"]
[SourceDate "2023.10.10"]
[SourceVersion "1"]
[SourceVersionDate "2023.10.10"]
[SourceQuality "1"]

1. e4 c5 2. Nf3 Nc6 3. Bb5 Nf6 4. Nc3 Qc7 5. 0-0 Nd4 6. Re1 a6 7. Bf1 Ng4 8. g3 Nxf3+ 9. Qxf3 Ne5 10. Qe2 e6 11. Bg2 d6 12. d3 Be7 13. Nd1 0-0 14. Ne3 b5 15. f4 Nc6 16. c3 Rb8 17. Bd2 a5 18. a3 Re8 19. Kh1 Bd7 20. Rac1 b4 21. axb4 axb4 22. Nc4 bxc3 23. Bxc3 Bf8 24. Qf2 Nb4 25. Qf3 Bc6 26. d4 Na2 27. Ra1 Nxc3 28. bxc3 cxd4 29. cxd4 d5 30. Nd2 Bb4 31. Qe2 dxe4 32. Rec1 Bxd2 33. Qxd2 Qd7 34. Qc2 Bd5 35. Bxe4 Red8 36. Rd1 g6 37. Bxd5 Qxd5+ 38. Qg2 Qf5 39. Rac1 h5 40. Rc3 Rd5 41. Rcd3 Rc8 42. Qf3 Qh3 43. Qg2 Qg4 44. Qf3 Qf5 45. Qe3 Rcd8 46. R3d2 Qf6 47. Rd3 Qe7 48. R1d2 Qb7 0-1

[Event "Titled Tuesday intern op 07th Feb Early"]
[Site "Chess.com INT"]
[Date "2023.02.07"]
[Round "6"]
[White "Sowul, Bartosz"]
[Black "Sekar, B."]
[Result "1-0"]
[WhiteElo "2269"]
[BlackElo "2333"]
[PlyCount "61"]
[EventDate "2023.02.07"]
[EventType "swiss (blitz)"]
[EventRounds "11"]
[EventCountry "USA"]
[SourceTitle "EXT 2024"]
[Source "ChessBase"]
[SourceDate "2023.10.10"]
[SourceVersion "1"]
[SourceVersionDate "2023.10.10"]
[SourceQuality "1"]

1. e4 e5 2. Nf3 Nc6 3. Bb5 a6 4. Bxc6 dxc6 5. 0-0 Bg4 6. h3 h5 7. d3 Qf6 8. Nbd2 g5 9. Re1 Bd7 10. d4 exd4 11. e5 Qg7 12. Ne4 0-0-0 13. Bxg5 Be7 14. h4 Bg4 15. Qd3 Bxg5 16. Nfxg5 Nh6 17. Nf6 Be6 18. g3 Ng4 19. Qf3 Rh6 20. Nxe6 fxe6 21. Nxg4 hxg4 22. Qe4 Rh5 23. Re2 Rd5 24. Rae1 Rf5 25. Qd3 c5 26. Re4 Rdxe5 27. Rxe5 Rxe5 28. Rxe5 Qxe5 29. Qg6 Qf5 30. Qxf5 exf5 31. h5 1-0

[Event "IND-ch 59th"]
[Site "New Delhi"]
[Date "2022.12.24"]
[Round "3"]
[White "Iniyan, Panneerseluam"]
[Black "Sekar, B."]
[Result "1-0"]
[WhiteElo "2507"]
[BlackElo "2358"]
[PlyCount "53"]
[EventDate "2022.12.22"]
[EventType "swiss"]
[EventRounds "13"]
[EventCountry "IND"]
[SourceTitle "CBM 211 Extra"]
[Source "ChessBase"]
[SourceDate "2023.01.31"]
[SourceVersion "1"]
[SourceVersionDate "2023.01.31"]
[SourceQuality "1"]

1. d4 Nf6 2. c4 e6 3. Nc3 Bb4 4. Nf3 d5 5. Qa4+ Nc6 6. e3 0-0 7. Qc2 Qe7 8. a3 Bxc3+ 9. Qxc3 Rd8 10. b4 e5 11. dxe5 Ne4 12. Qc2 Bf5 13. Bd3 Nxe5 14. Nxe5 Qxe5 15. Bb2 Qe6 16. c5 d4 17. 0-0 dxe3 18. fxe3 Rxd3 19. Qxd3 Ng3 20. e4 Nxf1 21. Qd4 Qh6 22. exf5 Ne3 23. Qe4 Kf8 24. Re1 Re8 25. Qf3 Re7 26. f6 gxf6 27. Bc1 1-0

[Event "IND-ch 59th"]
[Site "New Delhi"]
[Date "2022.12.23"]
[Round "2"]
[White "Sekar, B."]
[Black "Kulkarni, Vinayak"]
[Result "1-0"]
[WhiteElo "2358"]
[BlackElo "2052"]
[PlyCount "66"]
[EventDate "2022.12.22"]
[EventType "swiss"]
[EventRounds "13"]
[EventCountry "IND"]
[SourceTitle "CBM 211 Extra"]
[Source "ChessBase"]
[SourceDate "2023.01.31"]
[SourceVersion "1"]
[SourceVersionDate "2023.01.31"]
[SourceQuality "1"]

1. e4 c5 2. Nf3 Nc6 3. Bb5 Nf6 4. Nc3 Nd4 5. 0-0 Nxb5 6. Nxb5 Nxe4 7. Re1 d5 8. c4 Bd7 9. Qb3 Qb6 10. d3 Bxb5 11. cxb5 Nf6 12. Bg5 Rd8 13. Qa4 Rc8 14. Ne5 Nd7 15. Nxd7 Kxd7 16. Bd2 e6 17. Ba5 Qd6 18. Bd2 Qb6 19. Qf4 Be7 20. Qxf7 Rhg8 21. Bg5 Qd6 22. Bf4 Qb6 23. Bg3 Rcf8 24. Qh5 h6 25. a4 Rf6 26. Be5 Rf5 27. Qe2 Bf6 28. Bg3 Re8 29. Rac1 Bd4 30. Qd2 a6 31. bxa6 bxa6 32. Rc2 a5 33. Qd1 Qb4 1-0

[Event "Dieren op"]
[Site "Dieren"]
[Date "2022.08.04"]
[Round "9"]
[White "De Winter, Arthur"]
[Black "Sekar, B."]
[Result "0-1"]
[WhiteElo "2150"]
[BlackElo "2241"]
[PlyCount "54"]
[EventDate "2022.07.26"]
[EventType "swiss"]
[EventRounds "9"]
[EventCountry "NED"]
[SourceTitle "CBM 209 Extra"]
[Source "ChessBase"]
[SourceDate "2022.09.30"]
[SourceVersion "1"]
[SourceVersionDate "2022.09.30"]
[SourceQuality "1"]

1. e4 c5 2. Nf3 d6 3. d4 cxd4 4. Nxd4 Nf6 5. Nc3 a6 6. Bg5 e6 7. f4 Be7 8. Qf3 Qc7 9. 0-0-0 Nbd7 10. f5 e5 11. Nde2 b5 12. Bxf6 Nxf6 13. Nd5 Nxd5 14. exd5 Bd7 15. Ng3 Rc8 16. Bd3 a5 17. Nh5 Bf6 18. g4 a4 19. h4 Kf8 20. Kb1 e4 21. Bxe4 Be5 22. Rde1 Qc4 23. a3 b4 24. axb4 Qxb4 25. Qa3 Qxa3 26. bxa3 g6 27. fxg6 hxg6 0-1

[Event "Dieren op"]
[Site "Dieren"]
[Date "2022.07.30"]
[Round "5"]
[White "Sekar, B."]
[Black "Domalchuk Jonasson, Aleksandr"]
[Result "0-1"]
[WhiteElo "2241"]
[BlackElo "2244"]
[PlyCount "52"]
[EventDate "2022.07.26"]
[EventType "swiss"]
[EventRounds "9"]
[EventCountry "NED"]
[SourceTitle "CBM 209 Extra"]
[Source "ChessBase"]
[SourceDate "2022.09.30"]
[SourceVersion "1"]
[SourceVersionDate "2022.09.30"]
[SourceQuality "1"]

1. e4 e6 2. d4 d5 3. e5 c5 4. c3 Nc6 5. Nf3 Nge7 6. Na3 cxd4 7. cxd4 Nf5 8. Nc2 Qb6 9. Bd3 Bd7 10. 0-0 Be7 11. b4 a5 12. b5 Ncxd4 13. Nfxd4 Nxd4 14. Qg4 Nxc2 15. Qxg7 0-0-0 16. Bxc2 Bxb5 17. Re1 Rdg8 18. Qxf7 Bc5 19. Be3 d4 20. Bh6 d3 21. Bb3 Rg6 22. Rac1 Kb8 23. Rxc5 Qxc5 24. Rc1 Qb4 25. Qc7+ Ka8 26. Be3 Rxg2+ 0-1

[Event "Krakow op-A"]
[Site "Krakow"]
[Date "2022.06.30"]
[Round "7"]
[White "Sekar, B."]
[Black "Lim, Zhuo Ren"]
[Result "1-0"]
[WhiteElo "2241"]
[BlackElo "2290"]
[PlyCount "87"]
[EventDate "2022.06.25"]
[EventType "swiss"]
[EventRounds "9"]
[EventCountry "POL"]
[SourceTitle "CBM 209 Extra"]
[Source "ChessBase"]
[SourceDate "2022.09.30"]
[SourceVersion "1"]
[SourceVersionDate "2022.09.30"]
[SourceQuality "1"]

1. e4 c5 2. Nf3 Nc6 3. Bb5 g6 4. 0-0 Bg7 5. Re1 Nf6 6. c3 0-0 7. h3 e5 8. d3 d6 9. a3 a6 10. Ba4 b5 11. Bc2 Bb7 12. Be3 Re8 13. a4 b4 14. Nbd2 Na5 15. Nb3 c4 16. Nxa5 Qxa5 17. cxb4 Qxb4 18. Bd2 Qc5 19. dxc4 a5 20. b3 Qc7 21. Bc1 Rac8 22. Ra2 Nd7 23. Nd2 Nc5 24. Nb1 f5 25. exf5 e4 26. fxg6 Re6 27. gxh7+ Kh8 28. Be3 Nd3 29. Bxd3 exd3 30. Qxd3 Be4 31. Qd1 Rce8 32. Nd2 Ba8 33. Nf3 Qb7 34. Rd2 Qb4 35. Ng5 Rg6 36. Nf7+ Kxh7 37. Qh5+ Bh6 38. Nxh6 Rxg2+ 39. Kf1 Re5 40. Nf5+ Kg8 41. Nh6+ Kh7 42. Qh4 Re6 43. Ng4+ Kg8 44. Qd8+ 1-0

[Event "Krakow op-A"]
[Site "Krakow"]
[Date "2022.06.26"]
[Round "3"]
[White "Sekar, B."]
[Black "Goroshkov, Maksym"]
[Result "1-0"]
[WhiteElo "2241"]
[BlackElo "2292"]
[PlyCount "149"]
[EventDate "2022.06.25"]
[EventType "swiss"]
[EventRounds "9"]
[EventCountry "POL"]
[SourceTitle "CBM 209 Extra"]
[Source "ChessBase"]
[SourceDate "2022.09.30"]
[SourceVersion "1"]
[SourceVersionDate "2022.09.30"]
[SourceQuality "1"]

1. e4 e5 2. Nf3 Nc6 3. Bb5 a6 4. Ba4 Nf6 5. 0-0 Be7 6. Re1 b5 7. Bb3 0-0 8. h3 d6 9. c3 Na5 10. Bc2 c5 11. d4 Nc6 12. d5 Nb8 13. a4 Bb7 14. Na3 Nbd7 15. Be3 bxa4 16. Nc4 Nb6 17. Nxb6 Qxb6 18. Nd2 Qd8 19. Rxa4 Ne8 20. Nc4 Rb8 21. Qd3 Bc8 22. Ra2 f5 23. exf5 Bxf5 24. Qd1 Bd7 25. Na5 Qc7 26. Bd3 Qc8 27. Qe2 Nc7 28. Qh5 g6 29. Qd1 Rf7 30. Bc4 Kh8 31. Bxc5 Rf4 32. Be3 Rh4 33. Bf1 Nxd5 34. Bxa6 Nxe3 35. Bxc8 Nxd1 36. Bxd7 Rxb2 37. Rxb2 Nxb2 38. Nc6 Bf8 39. Bg4 Na4 40. Re3 Nc5 41. g3 Rh6 42. h4 g5 43. hxg5 Rg6 44. f4 Rg7 45. Kg2 h6 46. fxe5 Rxg5 47. Be2 dxe5 48. Nxe5 Kg7 49. Nf3 Rg4 50. Nd4 Re4 51. Rf3 Be7 52. Nf5+ Kh8 53. Bd3 Nxd3 54. Rxd3 Bf6 55. Nd6 Re2+ 56. Kf3 Rc2 57. Ne4 Bg7 58. Kg4 Kh7 59. Kf5 h5 60. Ng5+ Kg8 61. Rd8+ Bf8 62. Ne6 Rxc3 63. Rxf8+ Kh7 64. Rf7+ Kh6 65. Rf6+ Kh7 66. Ng5+ Kg7 67. Rg6+ Kh8 68. Ne4 Rf3+ 69. Kg5 Re3 70. Kf4 Ra3 71. Nf6 Ra8 72. Kg5 h4 73. Rh6+ Kg7 74. Rh7+ Kf8 75. Rh8+ 1-0

[Event "Titled Tuesday intern op 13th July"]
[Site "Chess.com INT"]
[Date "2021.07.13"]
[Round "4"]
[White "Sekar, B."]
[Black "Djordjevic, Vuk D"]
[Result "0-1"]
[WhiteElo "2286"]
[BlackElo "2350"]
[PlyCount "42"]
[EventDate "2021.07.13"]
[EventType "swiss (blitz)"]
[EventRounds "11"]
[EventCountry "USA"]
[SourceTitle "CBM 203 Extra"]
[Source "ChessBase"]
[SourceDate "2021.09.30"]
[SourceVersion "1"]
[SourceVersionDate "2021.09.30"]
[SourceQuality "1"]

1. e4 e6 2. d4 d5 3. Nc3 Bb4 4. exd5 exd5 5. Bd3 Nf6 6. Nge2 0-0 7. 0-0 Bg4 8. f3 Bh5 9. Ng3 Bg6 10. a3 Bxc3 11. bxc3 Nbd7 12. Bf4 Re8 13. Qd2 Nb6 14. Be5 Qd7 15. Qf4 Qc6 16. a4 Qxc3 17. Bxf6 gxf6 18. Nf5 Nc4 19. Qh6 Bxf5 20. Bxf5 Qe3+ 21. Qxe3 Nxe3 0-1